Jugaad innovation: a frugal and flexible approach to innovation for the 21st century (Record no. 26334)

000 -LEADER
fixed length control field 00441nam a2200133Ia 4500
008 - FIXED-LENGTH DATA ELEMENTS--GENERAL INFORMATION
fixed length control field 230413s9999||||xx |||||||||||||| ||und||
020 ## - INTERNATIONAL STANDARD BOOK NUMBER
International Standard Book Number 9788184002058
082 ## - DEWEY DECIMAL CLASSIFICATION NUMBER
Classification number 658.4063
Item number R1298
100 ## - MAIN ENTRY--PERSONAL NAME
Personal name Radjou, Navi; Prabhu, Jaideep & Ahuja, Simone
245 #0 - TITLE STATEMENT
Title Jugaad innovation: a frugal and flexible approach to innovation for the 21st century
260 ## - PUBLICATION, DISTRIBUTION, ETC. (IMPRINT)
Place of publication, distribution, etc Noida
Name of publisher, distributor, etc Random House Publishers India
Date of publication, distribution, etc 2012
300 ## - PHYSICAL DESCRIPTION
Extent xiii, 317 p.
942 ## - ADDED ENTRY ELEMENTS (KOHA)
Item type Books
Holdings
Withdrawn status Lost status Damaged status Not for loan Permanent location Current location Date acquired Source of acquisition Full call number Barcode Date last seen Koha item type
        IMU Kolkata IMU Kolkata 2023-04-13 Gifted by Shailendra S Kathait (6049) 658.4063 R1298 G00599 2023-04-13 Books
Designed and Maintained by IMU-KC Library, Kolkata Campus © Copyright All Rights Reserved

webs counters

Powered by Koha